| 000 | 00465nam a2200169 i 4500 | ||
|---|---|---|---|
| 001 | 40725 | ||
| 003 | ES-MaACL | ||
| 005 | 20230906160311.0 | ||
| 007 | t| | ||
| 008 | 030306s1927 fr ||||1| fre d | ||
| 100 | 1 |
_aCapitant, Henri. _934854 |
|
| 245 | 1 | 0 |
_aPrecis de legislation industrielle / _cpar Henri Capitant et Paul Cuche. |
| 260 |
_aParis : _bDaclos, _c1927. |
||
| 300 |
_a444 p. ; _c19 cm. |
||
| 700 | 1 |
_aCuche, Paul. _941953 |
|
| 852 |
_aES-MaACL _jF-4528 |
||
| 999 |
_c40725 _d40725 |
||